000 00405nam a2200145Ia 4500
008 220217s9999||||xx |||||||||||||| ||und||
020 _a97832582736
082 _a005.2762 WEL
100 _aWelling, Luke and Thomson, Laura
_910146
245 0 _aPHP and MySQL web development
250 _a5
260 _aPearson education of asia
_bNew Delhi
_c2017
300 _aXXVI, 652p.
_b979
650 _aWWW
999 _c188361
_d188361